| 000 | 00538nam a22001697a 4500 | ||
|---|---|---|---|
| 999 |
_c9262 _d9262 |
||
| 008 | 210331b ||||| |||| 00| 0 eng d | ||
| 040 | _aBMS College of Architecture | ||
| 100 | _aSubramaniyam, Lakshmi | ||
| 245 | _aUsha school of Athletics at Payy0li (Kozhikode district -Kerala) | ||
| 300 | _a30p. | ||
| 500 | _a1BM01AT038 | ||
| 502 |
_8B.Arch _NBMS College of Architecture, Visvesvaraya Technological University _aProject report _d2005 |
||
| 650 | _aAtlhetics | ||
| 650 | _aKerala | ||
| 700 |
_aSatish Rao _eGuide |
||
| 942 |
_2ddc _cTHE |
||